Flora of India: (Record no. 216019)

MARC details
000 -LEADER
fixed length control field 00639nam a22001817a 4500
005 - DATE AND TIME OF LATEST TRANSACTION
control field 20260428141524.0
010 ## - LCCN (DPL NO)
LC control number ENG-148349
020 ## - INTERNATIONAL STANDARD BOOK NUMBER
International Standard Book Number 9788198517487
Terms of availability 1400.00
035 ## - SYSTEM CONTROL NUMBER
System control number EN-131881
037 ## - SOURCE OF ACQUISITION
Source of stock number/acquisition DBAD
082 ## - DEWEY DECIMAL CLASSIFICATION NUMBER
Classification number 581.954
245 ## - TITLE STATEMENT
Title Flora of India:
Remainder of title Cactaceac-Adoxaceac/
Statement of responsibility, etc Edited by C. Murugan...[et.al]
260 ## - PUBLICATION, DISTRIBUTION, ETC. (IMPRINT)
Place of publication, distribution, etc Kolkata
Name of publisher, distributor, etc The Director, Botanical Survey of India
Date of publication, distribution, etc 2025
270 ## - ADDRESS
Address CGO Complex, 3rd MSO Building, Block - F, 5th & 6th Floor, DF - Block, Sector-1, Salt Lake City
City Kolkata
Postal code 700064
300 ## - PHYSICAL DESCRIPTION
Extent xlix,523p.
Dimensions 25cm.(Hb)
Other physical details col,ill
490 ## - SERIES STATEMENT
Volume number/sequential designation Vol-11
942 ## - ADDED ENTRY ELEMENTS (KOHA)
Source of classification or shelving scheme Dewey Decimal Classification
Item type English Books
Classification part 581.954
Call number suffix FLO
Holdings
Withdrawn status Lost status Materials specified (bound volume or other part) Not for loan Collection code Home library Current library Date acquired Source of acquisition Cost, normal purchase price Full call number Barcode Copy number Cost, replacement price Koha item type
    VOL-11 Not For Loan Reference Sarojini Nagar Sarojini Nagar 28/04/2026 Delivery of Books Act Division 1400.00 581.954 FLO EN-131881 1 1400.00 English Books

© Delhi Public Library
Hit Counter
free hit counter